| 000 | 02065cam a2200373 4500 | ||
|---|---|---|---|
| 001 | L124339 | ||
| 008 | 031117n2003 000 0 eng u | ||
| 020 | _a0117539015 | ||
| 035 | _a(Sirsi) u124339 | ||
| 041 | _aeng | ||
| 050 |
_a692.2 _c18 |
||
| 110 |
_aUnited Kingdom _bOffice of the Deputy Prime Minister |
||
| 245 | 4 |
_aThe Building Regulations 2000 _baccess to and use of buildings - Approved Document M. |
|
| 250 | _a2004 ed. | ||
| 260 |
_aNorwich _bTSO _c2003 |
||
| 300 |
_a81p. _c30cm. |
||
| 350 | _a12 | ||
| 505 | _aM1: access and use | ||
| 505 | _aM2: access to extensions to buildings other than dwellings | ||
| 505 | _aM3: sanitary conveniences in extensions to buildings other than dwellings | ||
| 505 | _aM4: sanitary conveniences in dwellings | ||
| 520 | _aNew edition of Approved Document M, coming into effect 1 May 2004. The main changes are: Part M now applies generally to material alterations of and extensions to existing non-domestic buildings; the new Part M no longer refers to disabled people and adopts a more inclusive approach to design to accommodate the needs of all people; the guidance draws on the recommendations of BS 8300:2001; the concept of the Access Statement has been introduced for the first time; and the explanation of the relationship between Part M and the Disability Discrimination Act 1995 has been amended. View at www.odpm.gov.uk. | ||
| 520 | _aSupersedes 1999 ed. (ISBN 0117534692). This edition not found when searched for online 28/11/11 | ||
| 650 | _aMANAGEMENT-BUSINESS MANAGEMENT-DISCRIMINATION-DISABILITY DISCRIMINATION-ACCESSIBILITY | ||
| 650 | _aACCESS TO BUILDINGS | ||
| 650 | _aDISABILITY DISCRIMINATION ACT 1995 | ||
| 650 | _aBUILDING REGULATIONS 2000 | ||
| 650 | _aBUILDING REGULATIONS 2000 APPROVED DOCUMENT M (2004 EDITION) | ||
| 650 | _aDWELLINGS | ||
| 650 | _aNON-DOMESTIC BUILDINGS | ||
| 690 | _aBUILT ENVIRONMENT-BUILDING STANDARDS | ||
| 856 |
_uhttps://www.communities.gov.uk/index.asp?id=1130883 _zView Approved Document M on the ODPM website... |
||
| 942 | _n0 | ||
| 999 |
_c103207 _d103207 |
||